00457nam a2200145Ia 4500003000400000008004100004040001600045082001700061100002100078245008700099260003400186300001000220650003800230650004300268GCL140319s9999 xx 000 0 eng d aGCL / cGCL04a808.042bA R1 aANDREWS, RICHARD10aREBIRTH OF RHETORIC: ESSAYS IN LANGUAGE CULTURE AND EDUCATION / cANDREWS, RICHARD a[S.N] : bROUTLEDGE ، c1992 a239 P04aENGLISH LANGUAGE - RHETORIC STUDY04aENGLISH PHILOLOGY - STUDY AND TEACHING